Los tres talismanes / (Registro nro. 9424)
[ vista simple ]
| 000 -LIDER | |
|---|---|
| fixed length control field | 00637ctm a2200253 4500 |
| 001 - NÚMERO DE CONTROL | |
| Identificador de número de control | 4407714 |
| 003 - IDENTIFICACDOR DE NÚMERO DE CONTROL | |
| control field | DO-SdBNP |
| 005 - DATE AND TIME OF LATEST TRANSACTION | |
| control field | 20180206155323.0 |
| 007 - CAMPOS FIJOS DE DESCRIPCIÓN FÍSICA | |
| fixed length control field | 4407714 |
| 008 - ELEMENTOS DE LONGITUD FIJA | |
| fixed length control field | 090108q1979 sp 000 0 spa/ |
| 020 ## - ISBN | |
| International Standard Book Number | 843860255X |
| 035 ## - NÚMERO LOCAL | |
| System control number | |
| 040 ## - FUENTE DE CATALOGACIÓN | |
| Agencia que crea de manera original el registro | BPMSU |
| Idioma de catalogación | spa |
| Agencia que realiza la transcripción | BPMSU |
| Convenciones de la despripción | |
| 100 ## - ASIENTO PRINCIPAL -- NOMBRE PERSONAL | |
| Término de relación | Corella, Laura G. |
| 245 04 - MENCIÓN DE TITULO | |
| Título | Los tres talismanes / |
| Medio (Designación general de material) | |
| Subtítulo | |
| Mención de responsabilidad | Laura G. Corella |
| 250 ## - MENCIÓN DE EDICION | |
| Mención de edición | |
| 260 ## - PUBLICACIÓN, DISTRIBUCIÓN, ETC. (PIE DE IMPRENTA) | |
| Lugar de publicación, distribución, etc | Bilbao, España : |
| Nombre del editor, distribuidor, etc. | Maves, |
| Fecha de publicación, distribución, etc | 1979 |
| 300 ## - DESCRIPCIÓN FÍSICA | |
| Extensión | v. |
| Dimensiones | 23 cm. |
| 510 4# - CITATION/REFERENCES NOTE | |
| Name of source | |
| Location within source | |
| 655 77 - INDEX TERM--GENRE/FORM | |
| Genre/form data or focus term | Teatro |
| Source of term | tgfbne |
| 942 ## - ADDED ENTRY ELEMENTS (KOHA) | |
| Source of classification or shelving scheme | Dewey Decimal Classification |
| Koha item type | Libros |
| 945 ## - INFORMACIÓN DE PROCESAMIENTO LOCAL | |
| Información de procesamiento local | Inventariado, 2018 / BT |
| 956 ## - LOCAL ELECTRONIC LOCATION AND ACCESS (OCLC) | |
| Nombre de host | VMATEO |
| Método de acceso | 10 |
| Materiales especificados | 20160330 |
| Enlace | BPMSU |
| Campo enlazado y núm. de secuencia | 0069 |
| Withdrawn status | Lost status | Source of classification or shelving scheme | Damaged status | Not for loan | Collection code | Home library | Current library | Date acquired | Source of acquisition | Total Checkouts | Barcode | Date last seen | Price effective from | Koha item type |
|---|---|---|---|---|---|---|---|---|---|---|---|---|---|---|
| Dewey Decimal Classification | Colección General | Biblioteca Pública Metropolitana Salomé Ureña | Biblioteca Pública Metropolitana Salomé Ureña | 03/30/2016 | FUNDI | BPMSU16030310 | 03/30/2016 | 03/30/2016 | Libros |